• 首页
  • 本馆介绍
  • 公告通知
  • 最新文献
  • 馆藏检索
  • 电子资源
  • 读者导购
  • 参考咨询
  • 我的图书馆
  • 登录
  • 详细信息显示
  • 放入我的书架
  • 预约/预借图书
  • 作者相关作品
  • 分类相关作品
  • 丛书相关作品
  • 出版社相关作品

书目信息

  • 表格格式
  • 工作单格式
  • 卡片格式
书名: 中国民间风俗画
作者: 本书编委会编.
分册号:
分册名:
出版地: 北京 :
 
出版社: 外文出版社
出版时间: 2002.
页数: 106 p. ;
开本: 20cm.
丛书名:
中图分类号:
科图分类号:
其他分类号: J229:H33
主题词:
电子资源:
000 00397nam 2200157 a 4500
001 E0762371332
005 20071001172051.04
008 071001s2002 00010 eng
020    @a978-7-119-03142-2.
040    @aPFT@bchi
041    @achi@hger
090    @aJ229:H33
099    @dJ229:H33@ex42
245    @a中国民间风俗画 / @c本书编委会编.
260    @a北京 :@b外文出版社,@c2002.
300    @a106 p. ;@c20cm.
    
    中国民间风俗画 / / 本书编委会编.-北京 : : 外文出版社, , 2002.
    106 p. ; ; 20cm.
    
    
    ISBN 978-7-119-03142-2.
    
●
相关链接 在E读中查询图书 在五车中查询图书 在当当中查询图书 在豆瓣中查询图书


正题名:中国民间风俗画     索取号:J229:H33/x42         预约/预借

序号 登录号 条形码 馆藏地/架位号 状态 备注
1 17441   300174415   第二样本阅览室/ [索取号:J229:H33/x42] 在馆    
2 17682   300176823   第四借阅区/ [索取号:J229:H33/x42] 在馆    
唐山师范学院图书馆 欢迎您!
大连网信软件有限公司© 版权所有